000 00926nam a22002777a 4500
001 9883
003 FISKH
005 20260311153220.0
008 260311b cb ||||| |||| 00| 0 eng d
020 _a805219070352
040 _aFISKH
_beng
_cFISKH
_dFISKH
050 _aGV1201 .G76
082 _a591
100 _aKleinberg, Naomi
245 _aGrover's guessing game about animals /
260 _aBendon :
_bAshland,
_c2007.
300 _a10 unnumbered pages :
_bcolor illustrations ;
_c25 cm
490 _aSesame Street Four First Board Books
505 _aD
520 _aGrover invites readers to play a fun guessing game about animals. Each page gives clues about an animal, and children try to guess the answer before turning the page.
521 8 _a160
_bLexile estimate
521 8 _aD
_bRaz-Plus
650 _aCharacters
_vJuvenile literature
_xAnimals
942 _2ddc
_cBK
_n0
999 _c9883
_d9883